| 000 | 00935nam a2200217Ia 4500 | ||
|---|---|---|---|
| 005 | 20240530110936.0 | ||
| 008 | 140319s1993 xx 000 0 ara d | ||
| 040 |
_aGCL / _cGCL |
||
| 082 | 0 | 4 |
_a412 / _bز ك |
| 100 | 1 | _aالامام ابى القاسم عبدالرحمن بن اسحاق الزجاجى | |
| 245 | 1 | 0 |
_aكتاب الابدال والمعاقبة والنظائر / _cتاليف الامام ابى القاسم عبدالرحمن بن اسحاق الزجاجى ؛ محقق عز الدين التنوخى |
| 250 | _aالثانية | ||
| 260 |
_aبيروت : _bدار صادر ، _c1993 |
||
| 260 |
_aدمشق : _bمطبوعات مجمع اللغة العربية ، _c1993 |
||
| 300 |
_a126 ص ؛ _b24 سم |
||
| 650 | 0 | 4 | _aاللغة العربية |
| 650 | 0 | 4 | _aالنظائر |
| 700 |
_aعز الدين التنوخى _eمحقق |
||
| 942 |
_2ddc _cBK |
||
| 999 |
_c66741 _d66741 |
||